Management : theory and practice (Record no. 4916)

MARC details
000 -LEADER
fixed length control field 00878nam a22001817a 4500
020 ## - INTERNATIONAL STANDARD BOOK NUMBER
ISBN 1858051665
022 ## - INTERNATIONAL STANDARD SERIAL NUMBER
ISSN 9781858051666
050 ## - CALL NUMBER
Classification number HD31
Item number .C71
100 ## - AUTHOR
Personal name Cole, Gerald A
245 ## - TITLE
Title Management : theory and practice
Statement of responsibility, etc Gerald A Cole
250 ## - EDITION
Edition statement 4th ed
260 ## - PUBLICATION INFORMATION
Place of publication London :
Name of publisher D.P. Publications,
Year of publication 1995
300 ## - DESCRIPTION
Number of Pages xiii, 462 pages :
Other physical details illustrations ;
Dimensions 24 cm
500 ## - NOTES
General note Includes index.
505 ## - FORMATTED CONTENTS NOTE
Table of Content Introduction to management theory; classical theories; human relations theories; system approaches to management theory; management in practice; planning; organizing - leadership and groups; control in management; marketing management; production management; personnel management; appendices - guide to further reading; outline answers to examination questions at section-ends; further examination questions.
650 ## - SUBJECTS
Topical Term Management.
942 ## - ADDED ENTRY ELEMENTS (KOHA)
Koha item type Books
Holdings
Withdrawn status Lost status Home library Current library Shelving location Date acquired Full call number Accession Number Koha item type
    Methodist University Library Main Methodist University Library Main General Stacks 30/01/2019 HD31 .C71 5086 Books
Copyright © 2026  MUG Library